|
|
|
|
| LEADER |
00000cam a2200000 i 4500 |
| 001 |
1/18399 |
| 008 |
120314s1970 eng d |
| 020 |
|
|
|a 0-444-40660-3
|
| 035 |
|
|
|l 10112058
|
| 040 |
|
|
|a GR-MY-UA
|b gre
|e aacr
|
| 041 |
0 |
|
|a eng
|
| 082 |
0 |
|
|a 519.7
|2 (22)
|
| 100 |
1 |
|
|a Zoutendijk, G.
|
| 245 |
1 |
0 |
|a Methods of feasible directions :
|b a study in linear and non-linear programming /
|c by G. Zoutendijk
|
| 260 |
|
|
|a Amsterdam, New York, London :
|b Elsevier,
|c 1970
|
| 300 |
|
|
|a 126 σ.;
|c 23 εκ.
|
| 500 |
|
|
|a Thesis--University of Amsterdam.
|
| 504 |
|
|
|a Περιλαμβάνει βιβλιογραφία
|
| 650 |
0 |
0 |
|a Programming (Mathematics)
|
| 852 |
|
|
|a INST
|b SAMOS
|e 20120314
|h 519.7 ZOU
|p 005300033959
|q 005300033959
|t BK
|y 0
|
| 901 |
|
|
|a BIBL3-2012-1
|
| 909 |
|
|
|a Σ
|b 172134
|
| 970 |
|
|
|a ΓΟΥΒΑΛΑ
|b ΒΑΣΩ
|z 2012/03/14
|